000 00661cab a2200253 4500
001 ABS58055
008 090401t1998 xxu||||| |||| 00| 0 eng d
035 _a(Sirsi) u82961
041 _aeng
100 _aRobinson, N.
245 _aBuilding sights
260 _c1998
350 _a0
490 _aHousing
_v33(10) December/January 1998, 31(1)
520 _aLooks at the reasons why there are shortages of land for social housing in London.
650 _aDEVELOPMENT LAND
650 _aHOUSING ASSOCIATIONS
650 _aLAND SUPPLY
650 _aLONDON
650 _aSOCIAL HOUSING
690 _aHOUSING
942 _n0
948 _c06/01/1998
999 _c52399
_d52399